| 000 | 00879nam a2200241Ia 4500 | ||
|---|---|---|---|
| 003 | GCL | ||
| 008 | 140319s9999 xx 000 0 ara d | ||
| 040 |
_aGCL / _cGCL |
||
| 082 | 0 | 4 |
_aق _b327.62 _bع م |
| 100 | 1 | _aيونان لبيب رزق | |
| 245 | 1 | 0 |
_aمصر وحركات التحرير الوطنى فى شمال افريقيا / _cيونان لبيب رزق |
| 700 | 1 | _aعبدالله عبدالرازق ابراهيم | |
| 260 |
_a[S.N] : _bالهيئة المصرية العامة للكتاب ، _c1986 |
||
| 300 | _a199 ص | ||
| 490 |
_aمركز وثائق وتاريخ مصر المعاصر _v0 |
||
| 650 | 0 | 4 | _aمصر |
| 650 | 0 | 4 | _aتاريخ |
| 650 | 0 | 4 | _aالثورات |
| 650 | 0 | 4 | _aاستقلال البلاد العربية |
| 650 | 0 | 4 | _aالاستعمار فى البلاد العربية |
| 650 | 0 | 4 | _aالمغرب العربى |
| 942 |
_2ddc _cBK |
||
| 999 |
_c36192 _d36192 |
||